000 00361nam a22001457a 4500
003 macl
005 20180429150757.0
008 180429b xxu||||| |||| 00| 0 eng d
040 _cmacl
100 _aS.K Sharma
_972534
245 _aFunctioning of panchayats in india
260 _aJaipur
_bSublime
_c2014
650 _aSocial Science
_972535
942 _2ddc
_cBK
999 _c58079
_d58079